| 000 | 00752cam a2200241u 4500 | ||
|---|---|---|---|
| 001 | 76953 | ||
| 003 | BD-RjUL | ||
| 005 | 20211209082917.0 | ||
| 008 | 841025s1941 enka 000 0 eng | ||
| 035 | _a(BD-RjUL)77177 | ||
| 040 |
_aDLC _cCarP _dDLC _beng |
||
| 041 | _aeng | ||
| 082 |
_223 _a794.1 _bMOT 1963 |
||
| 100 | 1 |
_aDu Mont, Jules, _d1881- [from old catalog] _9239085 |
|
| 245 | 1 | 0 |
_a200 miniature games of chess, combinations in the openings / _cJ. DU Mont |
| 260 |
_aLondon : _b Routledge & sons, ltd. _c1963 |
||
| 300 |
_axv, 287 p. : _billus.; _c23 cm. |
||
| 650 | 0 |
_aChess _vCollections of games. _9239086 |
|
| 906 |
_a0 _bcbc _cpremunv _du _encip _f19 _gy-gencatlg |
||
| 942 |
_2ddc _cBK |
||
| 999 |
_c76953 _d76953 |
||